Diseño y evaluación económica de una planta industrial para procesar derivados del coco
Wedi'i Gadw mewn:
| Prif Awdur: | |
|---|---|
| Fformat: | Llyfr |
| Cyhoeddwyd: |
San José, Costa Rica
2002
|
| Pynciau: | |
| Tagiau: |
Ychwanegu Tag
Dim Tagiau, Byddwch y cyntaf i dagio'r cofnod hwn!
|
MARC
| LEADER | 00000nam a2200000Ia 4500 | ||
|---|---|---|---|
| 003 | 009042 | ||
| 005 | 20231124141207.0 | ||
| 008 | 140114s2002 cr a m 000 ||s d | ||
| 040 | |c cru CEDI | ||
| 090 | |a TFG 4604 | ||
| 100 | |a Bogantes Bogantes, Cristian Gerardo, 1974- |9 1869 | ||
| 245 | |a Diseño y evaluación económica de una planta industrial para procesar derivados del coco | ||
| 260 | |a San José, Costa Rica |c 2002 | ||
| 300 | |a xii, 148 hojas | ||
| 500 | |a Proyecto de graduación (licenciatura en ingeniería química)--Universidad de Costa Rica. Facultad de Ingeniería. Escuela de Ingeniería Química | ||
| 501 | |a Director de Proyecto de Graduación: M.Sc. Hernán Camacho | ||
| 650 | |x COCO |x INDUSTRIA Y COMERCIO |x PRODUCCION |x PLANTAS PROCESADORAS DE ALIMENTOS |x DISEÑO |x EQUIPO Y ACCESORIOS |x ASPECTOS ECONOMICOS |x PROCESAMIENTO DE ALIMENTOS |x PLANTAS INDUSTRIALES |9 7152 | ||
| 942 | |c TFG |h TFG 4604 |i 009042 |6 TFG_4604_009042000000000 | ||
| 999 | |c 17842 |d 17842 | ||
